| 000 | 01094nam a22002297a 4500 | ||
|---|---|---|---|
| 005 | 20130722105743.0 | ||
| 008 | 130722b2010 ck ||||| |||| 00| 0 spa d | ||
| 041 | _aspa | ||
| 044 | _ack | ||
| 082 |
_a745.5 _bC822p |
||
| 245 |
_aProducción, capacitación y comercialización de artesanías indígenas y tradicionales populares de los departamentos de Amazonas, Caquetá y Putumayo / _bFase II - Informe de resultados |
||
| 260 |
_aBogotá : _bArtesanías de Colombia _bCORPOAMAZONIAS _c[2010]. |
||
| 300 |
_a23 p. _bil. _c28 cm. |
||
| 500 | _aInforme de resultados del proyecto. | ||
| 650 | 6 |
_aArtesanías _zAmazonas (Colombia) _zCaquetá (Colombia) _zPutumayo (Colombia) _9690 |
|
| 650 | 6 |
_aAmazonas (Colombia) _xAspectos económicos _xAspectos sociales _9691 |
|
| 650 | 6 |
_aCaquetá (Colombia) _xAspectos económicos _xAspectos sociales _9692 |
|
| 650 | 6 |
_aPutumayo (Colombia) _xAspectos económicos _xAspectos sociales _9693 |
|
| 710 |
_aArtesanías de Colombia _9694 |
||
| 710 |
_aCorporación para el desarrollo sostenible del Sur de la Amazonía - CORPOAMAZONIA _9695 |
||
| 942 |
_2ddc _cIMPRESO |
||
| 999 |
_c7405 _d7405 |
||